Kroatien-Quiz - Statistiken

Allgemein
  • Dieses Quiz wurde 4.026 mal gespielt
  • Das Durchschnittsergebnis liegt bei 12 aus 19
Antwortstatistiken
Frage Antwort % Korrekt
Hauptstadt Zagreb
98%
Internationale Organisation, der Kroatien 2013 beitrat Europäische Union
91%
Land, mit der Kroatien ihre längste Grenze besitzt Bosnien und Herzegowina
89%
Kroatien war 1918-1991 eine Region dieses Lands Jugoslawien
89%
Meer, an welchem Kroatien liegt Adria
83%
Zweitgrößte Stadt Split
72%
FIFA-Weltfußballer des Jahres 2018 Luka Modrić
71%
Große Halbinsel, auf der sich Kroatien befindet Balkan
63%
"Kroatien" auf Kroatisch Hrvatska
62%
Ehemalige Währung (bis 2023) Kuna
62%
Nennen Sie eine der beiden größten Inseln Kroatiens Cres | Krk
57%
Historische Region des südlichen Teil Kroatien, nach deren eine Hunderasse benannt wurde Dalmatien
54%
Befestigte Stadt, zuvor als Ragusa bekannt, die heute zum UNESCO Weltkulturerben gehört Dubrovnik
54%
Führer des obigen Landes, der 1892 im kroatischen Dorf Kumrovec geboren wurde Josip Broz Tito
52%
Wichtigste Branche des Christentums Römisch-katholisch
44%
Italienische Republik, die während dem Mittelalter die Küste Kroatiens kontrollierte Venedig
43%
Bergkette Kroatiens Dinarische {Alpen}
40%
Halbinsel im Nordwesten Kroatiens Istrien
39%
Römischer Kaiser, der ein Palast in der obigen Stadt bauen liess Diokletian
16%
Keine übereinstimmenden Quizze gefunden
Verteilung der Resultate
Anzahl Personen mit jedem Resultat
Perzentil nach korrekt beantworteten Fragen
Ihre Resultats-Entwicklung
Sie haben dieses Quiz noch nicht gespielt